| 000 | 00634cam a22002291 4500 | ||
|---|---|---|---|
| 001 | 7827937 | ||
| 005 | 20180201095510.0 | ||
| 008 | 750317s1935 xx 000 0 eng | ||
| 010 | _a 35009351 | ||
| 035 | _a(OCoLC)1219715 | ||
| 040 |
_aDLC _cNOsU _dOCoLC _dDLC |
||
| 041 | _aeng | ||
| 042 | _apremarc | ||
| 080 | _a370.1 geo | ||
| 082 | _a370.1 geo | ||
| 100 | 1 | _a24 | |
| 101 | _afil | ||
| 245 | 1 | 3 |
_aAn introduction to the philosophy of education _c[by] Michael Demiashkevich ... |
| 504 | _a"Suggestions for reading" at end of each chapter. | ||
| 906 |
_a7 _bcbc _coclcrpl _du _encip _f19 _gy-gencatlg |
||
| 942 |
_2ddc _cBK |
||
| 999 |
_c41570 _d41570 |
||